000 00471nam a2200181Ia 4500
001 16452
005 20260306170310.0
008 260306t2020||||xx |||||||||||||| ||und||
041 _aESP
082 _a348.6
_bD84P
100 _aDivisión de Estudios Jurídicos de Gaceta Jurídica
_eAUT
245 0 _aLos procesos laborales en sus documentos
260 _c2020
300 _a366 páginas :
_c25 cm.
650 _aGEN
654 _aCDE
942 _cLIB
_dJUS
_fJUS
_2ddc
_n
999 _c16452
_d16452